书目信息 |
| 题名: |
结构混凝土现场检测新技术:混凝土非破损检测
|
|
| 作者: | 吴慧敏 编著 | |
| 分册: | ||
| 出版信息: | 长沙 湖南大学出版社 1998.07 |
|
| 页数: | 295页 | |
| 开本: | 16开 | |
| 丛书名: | ||
| 单 册: | ||
| 中图分类: | ||
| 科图分类: | ||
| 主题词: | 建筑材料:非金属材料 | |
| 电子资源: | ||
| ISBN: | 7-81053-134-4 | |
| 000 | 00663nam0 2200205 45 | |
| 001 | 9912101004 | |
| 005 | 20001012104312.7 | |
| 010 | @a7-81053-134-4@d26.00元 | |
| 100 | @a19991210d1998 km y0chiy0120 ea | |
| 101 | @achi | |
| 105 | @a z 000yy | |
| 200 | 1 | @a结构混凝土现场检测新技术:混凝土非破损检测@AJie GouHun Ning Tu Xian Chang Jian Ce Xin Ji Shu:Hun Ning TuFei Po Sun Jian Ce@f吴慧敏编著@FWu Hui Min Bian Zhu |
| 210 | @a长沙@c湖南大学出版社@d1998.07 | |
| 215 | @a295页@d16开 | |
| 606 | 0 | @a建筑材料:非金属材料 |
| 690 | @v3 | |
| 690 | @aTU528.31@v3 | |
| 701 | @a吴慧敏@4编著 | |
| 801 | @aCN@bPFTUser@c19991210 | |
| 905 | @dTU528.31@eW528=2@b176412-413@f2 | |
| 结构混凝土现场检测新技术:混凝土非破损检测/吴慧敏编著.-长沙:湖南大学出版社,1998.07 |
| 295页;16开 |
| ISBN 7-81053-134-4:26.00元 |
| ● |
| 相关链接 |
|
|
|
正题名:结构混凝土现场检测新技术:混凝土非破损检
索取号:TU528.31/W528=2
 
预约/预借
| 序号 | 登录号 | 条形码 | 馆藏地/架位号 | 状态 | 备注 |
| 1 | 176412 | 201764126 | 建筑库201/201建筑库 8排2列5层/ [索取号:TU528.31/W528=2] | 在馆 | |
| 2 | 176413 | 201764135 | 建筑库201/201建筑库 8排2列5层/ [索取号:TU528.31/W528=2] | 在馆 |